000 00735cam a22002413a 4500
001 26857
003 PGUSA
005 20140828083559.0
008 081009s2008||||xxu|||||s|||||000 | eng d
040 _aPGUSA
_beng
042 _adc
050 4 _aPZ
100 1 _aBassett, Sara Ware,
_d1872-1968
245 1 0 _aChristopher and the Clockmakers
_h[electronic resource] /
_cSara Ware Bassett
260 _bProject Gutenberg,
_c2008
506 _aPublic domain in the USA.
516 _aElectronic text
653 _aClock and watch making -- Juvenile literature
700 1 _aStecher, William F.
_q(William Frederick),
_d1864-
830 0 _aProject Gutenberg
_v26857
856 4 0 _uhttp://www.gutenberg.org/ebooks/26857
942 _cEB
999 _c256112
_d256112